000 00674nam a2200241Ia 4500
003 OSt
005 20220925221317.0
006 a|||||r|||| 00| 0
007 ta
008 220923b |||||||| |||| 00| 0 eng d
020 _a072011991X
037 _cGeneral Book
040 _aRTL
_cRTL
_beng
041 _2eng
_aeng
082 _aQ7, M8
100 _aNaseef Abdullah Omar Ed.
_9286256
245 0 _aToday's problems tomorrow's solutions
_b The future
260 _aLondon
_bMansell Publishing UK
_c1988
300 _aix, 180p
_ccm.
650 _aIslam
_9577
942 _hQ7, M8
_cGB
_2CC
999 _c573917
_d573917